header

Renewable energy / (Record no. 265109)

MARC details
000 -LEADER
fixed length control field 01548cam a2200385 a 4500
001 - CONTROL NUMBER
control field 13580076
003 - CONTROL NUMBER IDENTIFIER
control field OSt
005 - DATE AND TIME OF LATEST TRANSACTION
control field 20251112073846.0
008 - FIXED-LENGTH DATA ELEMENTS--GENERAL INFORMATION
fixed length control field 040503s2004 enkab b 001 0 eng
010 ## - LIBRARY OF CONGRESS CONTROL NUMBER
LC control number 2004271593
020 ## - INTERNATIONAL STANDARD BOOK NUMBER
International Standard Book Number 0199261784
International Standard Book Number 9780199261789
035 ## - SYSTEM CONTROL NUMBER
System control number 13580076
040 ## - CATALOGING SOURCE
Original cataloging agency DLC
Transcribing agency DLC
Modifying agency DLC
050 00 - LIBRARY OF CONGRESS CALL NUMBER
Classification number TJ808
Item number .R42 2004
082 04 - DEWEY DECIMAL CLASSIFICATION NUMBER
Classification number 333.79
Edition number 21
100 ## - MAIN ENTRY--PERSONAL NAME
Personal name Godfrey Boyle
245 00 - TITLE STATEMENT
Title Renewable energy /
Statement of responsibility, etc edited by Godfrey Boyle.
260 ## - PUBLICATION, DISTRIBUTION, ETC. (IMPRINT)
Place of publication, distribution, etc Oxford ;
-- New York :
Name of publisher, distributor, etc Oxford University Press in association with the Open University,
Date of publication, distribution, etc c2004.
300 ## - PHYSICAL DESCRIPTION
Extent xi, 452 p. :
Other physical details ill. (some col.), maps (some col.) ;
Dimensions 27 cm.
336 ## - CONTENT TYPE
Content type term text
Content type code txt
Source rdacontent
337 ## - MEDIA TYPE
Media type term unmediated
Media type code n
Source rdamedia
338 ## - CARRIER TYPE
Carrier type term volume
Carrier type code nc
Source rdacarrier
504 ## - BIBLIOGRAPHY, ETC. NOTE
Bibliography, etc Includes bibliographical references and index.
650 #0 - SUBJECT ADDED ENTRY--TOPICAL TERM
Topical term or geographic name as entry element Renewable energy sources.
700 1# - ADDED ENTRY--PERSONAL NAME
Personal name Boyle, Godfrey.
710 2# - ADDED ENTRY--CORPORATE NAME
Corporate name or jurisdiction name as entry element Open University.
856 42 - ELECTRONIC LOCATION AND ACCESS
Materials specified Publisher description
Uniform Resource Identifier <a href="http://www.loc.gov/catdir/enhancements/fy0620/2004271593-d.html">http://www.loc.gov/catdir/enhancements/fy0620/2004271593-d.html</a>
Materials specified Table of contents only
Uniform Resource Identifier <a href="http://www.loc.gov/catdir/enhancements/fy0620/2004271593-t.html">http://www.loc.gov/catdir/enhancements/fy0620/2004271593-t.html</a>
Materials specified Contributor biographical information
Uniform Resource Identifier <a href="http://www.loc.gov/catdir/enhancements/fy0725/2004271593-b.html">http://www.loc.gov/catdir/enhancements/fy0725/2004271593-b.html</a>
906 ## - LOCAL DATA ELEMENT F, LDF (RLIN)
a 7
b cbc
c origcop
d 2
e ncip
f 20
g y-gencatlg
942 ## - ADDED ENTRY ELEMENTS (KOHA)
Source of classification or shelving scheme Library of Congress Classification
Koha item type Long Loan Books
Holdings
Withdrawn status Lost status Source of classification or shelving scheme Damaged status Not for loan Collection code Home library Current library Shelving location Date acquired Total Checkouts Full call number Barcode Date last seen Price effective from Koha item type
    Library of Congress Classification     Non-fiction Rongo University Library Rongo University Library General Stacks 12/11/2025   TJ808 .R42 2004 20260528 12/11/2025 12/11/2025 Long Loan Books

© 2026 Rongo University
Contact us: librarian | system librarian | Rongo university